Sanat: "Heilutaan" - Tiktak - Statistics

Yleistilastot
  • Tätä visaa on pelattu 215 kertaa
  • Keskiarvotulos 209 / 267
Vastaustilastot
Vastaus % Oikein
hei
100%
Hei
100%
me
100%
ei
99%
Ei
99%
heilutaan
99%
taas
98%
Mutta
95%
mutta
95%
vähän
92%
kaaduta
90%
nukuta
90%
on
89%
väsyttää
89%
88%
ehkä
86%
se
85%
nyt
84%
tai
83%
maa
82%
jos
80%
oo
80%
syy
80%
maailma
78%
meidän
78%
menneisyyttä
78%
hukassa
77%
kaduta
77%
käy
77%
sit'
77%
takaperin
77%
sitä
74%
suunta
74%
vinossa
74%
kyllä
73%
pitää
73%
tukea
73%
vaan
73%
aina
72%
kelata
72%
saada
72%
niin
70%
kun
68%
tuu
68%
kellot
67%
sua
66%
kavereilta
65%
mua
65%
voin
65%
kiinni
64%
kaunis
63%
pidä
63%
Pidä
63%
pois
63%
kai
62%
aikaa
59%
luo
59%
piilossa
59%
oltais
58%
avaamaan
57%
jengi
57%
nousee
56%
poissa
56%
Tuuli
56%
vielä
56%
yötä
56%
Aamuun
55%
aletaan
55%
aurinko
55%
että
55%
joku
55%
jotka
55%
kaverin
55%
ne
55%
satoi
55%
sivuja
55%
viettelemään
55%
yritetään
55%
huudeltu
54%
kaikille
54%
päästä
54%
paistoi
54%
sai
54%
paljon
53%
sekaisin
53%
heittänyt
52%
repii
52%
pihoilla
51%
pysytään
51%
tekemälläkään
51%
meistä
50%
sankareita
50%
edes
49%
hyvä
49%
luettavaa
49%
rivit
49%
saisi
49%
selattuaan
49%
jalkakäytävällä
48%
kerrottavaa
48%
huurteiseen
47%
juhlistaa
47%
kaunista
46%
mitalit
45%
puoli
45%
Liput
44%
maata
44%
märkinä
43%
päivää
43%
eipä
41%
lepattaa
41%
tätä
40%
juhlaan
34%
kavereita
9%
Ehtoja vastaavia visoja ei löytynyt
Tulosjakauma
Jokaisen tuloksen saaneiden osuus
Persentiili vastausten määrän mukaan
Tuloshistoriasi
Et ole pelannut tätä visaa